Madres e hijos : historia de la maternidad e inclusa provincial de Zaragoza siglos XIX y XX / historia de la maternidad e inclusa provincial de Zaragoza siglos XIX y XX /
MARC
| LEADER | 00000nam a22000007a 4500 | ||
|---|---|---|---|
| 001 | 25088 | ||
| 003 | BGR | ||
| 005 | 20260324180724.0 | ||
| 008 | 211221b spa||||| |||| 00| 0 cat d | ||
| 040 | |c IBA | ||
| 100 | |a Sánchez Lecha, Alicia |9 34946 | ||
| 245 | |a Madres e hijos : |b historia de la maternidad e inclusa provincial de Zaragoza siglos XIX y XX / |c Alicia Sánchez Lecha. | ||
| 260 | |a Zaragoza : |b Diputación Provincial de Zaragoza : |b Institución "Fernando el Católico" |c 2020. | ||
| 300 | |a 172 p. : |b il. ; |c 26 cm. + |e 1 DVD. | ||
| 490 | |a Publicació número 3801 de la Institución Fernando el Católico | ||
| 505 | |a DVD: Tit.: La Maternidad / realización y guión de Marta Horno, basado en un texto de Alicia Sánchez Lecha (ca. 9 min.) D.L. Z 1527-2020 | ||
| 530 | |a Disponible a internet. | ||
| 610 | 0 | |9 52434 |a Maternidad Provincial de Zaragoza- |x Historia- |y S. XIX-XX. | |
| 610 | 0 | |9 52435 |a Inclusa Provincial de Zaragoza- |x Historia- |y S. XIX-XX. | |
| 856 | |u https://ifc.dpz.es/publicaciones/ebooks/id/3884 |y Texto completo en internet | ||
| 942 | |c ARXIU |2 udc |n 1 | ||
| 952 | |0 0 |1 0 |4 0 |6 BIB368 |7 1 |9 60906 |a Arxiu |b Arxiu |d 2021-12-21 |l 0 |o Bib-368 |p 25088 |r 2021-12-21 00:00:00 |w 2021-12-21 |y ARXIU | ||
| 999 | |c 81033 |d 81033 | ||